Least Remembered States - Statistics

General Stats
  • This quiz has been taken 29 times
  • The average score is 5 of 10
Answer Stats
US State % Correct
Iowa
74%
Delaware
63%
Nebraska
63%
Wisconsin
63%
Minnesota
56%
Connecticut
48%
Indiana
48%
Maryland
48%
Missouri
48%
Massachusetts
33%
No matching quizzes found
Score Distribution
Percent of People with Each Score
Percentile by Number Answered
Your Score History
You have not taken this quiz